000 01627cam a2200445 a 4500
001 21694
003 VRT
005 20260309093840.0
008 251113s1995 xo a ra 0000f slo
015 _aSNBA1995/0701910
020 _a8006005907
035 _aSNK000001123
039 9 _a202511131414
_bVLOAD
_c202511131328
_dVLOAD
_c202511131325
_dVLOAD
_c202011201110
_dVLOAD
040 _aSNK
_bslo
_cSNK
_eAACR2
041 0 _aslo
044 _axo
_cSK
080 _a885.4-3(087.5)
_21981
100 1 _aĎuríčková, Mária,
_d1919-2004
_4aut
245 1 0 _aNie je škola ako škola (nie je žiak ako žiak)
_cMária Ďuríčková ; [ilustrovala Helena Zmatlíková]
250 _a3. vyd.
260 _aBratislava
_bMladé letá
_c1995
300 _a63 s.
_c21 cm
490 1 _aPrvá kniha
500 _aIlustr. na tit. strane a front.
521 _aPre čitateľov od 6 rokov
655 7 _aslovenské rozprávky
_2SNKPH
655 7 _aautorské rozprávky
_2SNKPH
700 1 _aZmatlíková, Helena,
_d1923-2005
_4ill
830 0 _aPrvá kniha
911 _aKN 1995/07
_b01910
_c02279
942 _2ddc
_cKLDE
_n0
949 _9P60, <09>, [BOOK], {629}
_asnkC 1035
_bsnk2009/950615
949 _617A0026620
_9P60, <04>, [BOOK], {604}
_asnkSC 88576 D1
_bsnkKSP 5914/95
949 _6270001000023515
_asvkbbA 88850
_p592.884
949 _617A1013565
_asnkSC 88576
_bsnkKSP 5913/95
_s6101:20151012
949 _63869A08541
_abpksh885.4-32
_bbpksh45744
949 _63869A08542
_abpksh885.4-32
_bbpksh45839
949 _6273K0325432
_asvkpoA 165043
_bsvkpo409161
_oPV 1869/95
999 _c21694
_d21694